000 00925nam0a22002891 4500
001 v19\rc\1541112
005 20250618181524.0
035 _a(NLR Aleph) 004658955
090 _a3524009
_c3524009
100 _a20060620d1889 |||y0rusy50 ca
101 0 _arus
102 _aRU
105 _ay z |||||
200 1 _aЛетопись Покровской единоверческой церкви в селе Большом Мурашкине
_fБукин Ф.И.
210 _aМосква
_cизд. Братства при церкви
_d1889
215 _a[2], 70 с.
_d23
300 _aАвт. указан на с. 62
700 1 _aБукин
_bФ.И.
_gФедор Иванович
801 0 _aRU
_bNLR
_gpsbo
801 0 _aRU
_bRuMoRGB
_2psbo
801 1 _aRU
_bProSoft-M
_2rusmarc
852 _aNLR
_j18.317.2.351
899 _aRuMoRGB
_jA 163/293
899 _aБАН
899 _aГПИБ
942 _cBOOK
980 _aNB